| 000 | 00677nam a2200193 a 4500 | ||
|---|---|---|---|
| 001 | 000027463 | ||
| 005 | 20200930030843.0 | ||
| 008 | 110331s1978 dr a 000 | spa d | ||
| 040 |
_aDO-SdBNP _bspa _cBNPHU |
||
| 082 |
_axxx _bO77e |
||
| 100 | 1 |
_aOrtega, Elpidio José _954534 |
|
| 245 | 1 | 0 |
_aEstudio de la cerámica del período Indo-Hispano de la antigua concepción de La Vega / _cElpidio Ortega y Carmen Fondeur. |
| 260 |
_aSanto Domingo : _bTaller, _c1978. |
||
| 300 |
_a101 p. : _bil. ; _c23 cm. |
||
| 490 | 1 | _aFundación Ortega Álvarez. Científica I | |
| 700 | 1 |
_aFondeur, Carmen _953141 |
|
| 830 | 0 |
_aFundación Ortega Álvarez. Científica I _954535 |
|
| 049 | _aBNPD | ||
| 999 |
_c26955 _d26955 |
||